The structure and rheology of complex fluids

Αποθηκεύτηκε σε:
Λεπτομέρειες βιβλιογραφικής εγγραφής
Κύριος συγγραφέας: Larson, Ronald G.
Μορφή: Βιβλίο
Γλώσσα:English
Δημοσίευση: New York : Oxford University Press, 1999
Σειρά:Topics in chemical engineering
Θέματα:
Ετικέτες: Προσθήκη ετικέτας
Δεν υπάρχουν, Καταχωρήστε ετικέτα πρώτοι!

MARC

LEADER 00000nam a2200000 i 4500
001 1/52038
008 070822s1999 eng d
020 |a 978-0-19-512197-1 
020 |a 0-19-512197-X 
035 |l 10089889 
040 |a GR-MY-UA  |b gre  |e aacr 
041 0 |a eng 
082 0 |a 530.424  |2 (22) 
100 1 |a Larson, Ronald G. 
245 1 4 |a The structure and rheology of complex fluids /  |c Ronald G. Larson 
260 |a New York :   |b Oxford University Press,   |c 1999 
300 |a xxi, 663 σ.;  |b εικ.;  |c 25 εκ. 
490 1 |a Topics in chemical engineering 
504 |a Περιλαμβάνει βιβλιογραφικές παραπομπές και ευρετήρια. 
650 0 0 |a Complex fluids. 
650 0 0 |a Rheology. 
830 0 |a Topics in chemical engineering 
852 |a INST  |b SAMOS  |e 20070822  |h 530.424 LAR  |p 005300025522  |q 005300025522  |t BK  |y 0 
901 |a BIBL3-2007-2 
909 |a Σ  |b 137110 
922 |a 3ΕΛΗ  |b 200707  |c ΕΠΕΑΕΚ2/ΤΜΗΜΑ ΜΑΘΗΜΑΤΙΚΩΝ  |d ΠΑΠΑΣΩΤΗΡΙΟΥ 
970 |a ΣΙΤΖΙΜΗ  |b ΓΙΑΣΕΜΗ  |z 2007/08/22